00410nam a2200157 a 450000100060000000300090000600800410001502000150005604000280007108200170009910000220011624500280013826000570016630000070022365000220023014120CO-ViMGA141112s2004 ck r 000 u spa d a9802901261 aCO-ViMGAbspacCO-ViMGA04aV861.6 V351t1 aVelazquez, Lucia 10aEl tiempo irreveresible aCaracas : bUniversidad Central de Venezuela, c1995 a6114aPOESIA VENEZOLANA